Control Systems (Record no. 328191)
[ view plain ]
| 000 -LEADER | |
|---|---|
| fixed length control field | 00463nam a2200169Ia 4500 |
| 008 - FIXED-LENGTH DATA ELEMENTS--GENERAL INFORMATION | |
| fixed length control field | 230718s9999 xx 000 0 und d |
| 020 ## - INTERNATIONAL STANDARD BOOK NUMBER | |
| International Standard Book Number | 9788131708286 |
| 041 ## - LANGUAGE CODE | |
| Language code of text/sound track or separate title | eng |
| 082 ## - DEWEY DECIMAL CLASSIFICATION NUMBER | |
| Classification number | 629.8 |
| Item number | GHO |
| 100 ## - MAIN ENTRY--PERSONAL NAME | |
| Personal name | Ghosh S. |
| 9 (RLIN) | 112332 |
| 245 ## - TITLE STATEMENT | |
| Title | Control Systems |
| Remainder of title | Theory And Applications |
| 260 ## - PUBLICATION, DISTRIBUTION, ETC. (IMPRINT) | |
| Date of publication, distribution, etc. | 2011 |
| Name of publisher, distributor, etc. | Pearson Education |
| 300 ## - PHYSICAL DESCRIPTION | |
| Extent | 612 |
| 365 ## - TRADE PRICE | |
| Currency code | Rs. |
| Price amount | 415.00 |
| 700 ## - ADDED ENTRY--PERSONAL NAME | |
| Personal name | Ghosh S. |
| 9 (RLIN) | 112332 |
| 906 ## - LOCAL DATA ELEMENT F, LDF (RLIN) | |
| d | O:0191809-Aug-2011B:252601-Aug-2011 |
| c | ETC |
| b | 207.5 |
| Withdrawn status | Lost status | Damaged status | Not for loan | Home library | Current library | Date acquired | Vendor | Budget Code | Cost, normal purchase price | Bill number | Total Checkouts | Full call number | Barcode | Date last seen | Discount | Cost, replacement price | Bill Date | Koha item type | Original Barcode |
|---|---|---|---|---|---|---|---|---|---|---|---|---|---|---|---|---|---|---|---|
| Cummins College of Engineering for Women Pune | Cummins College of Engineering for Women Pune | 04/08/2011 | Om Book Stall | ETC | 311.25 | 2526 | 629.8 | CCEP-BK-39398 | 18/07/2023 | 207.5 | 415.00 | 01/08/2011 | Books | 039398 |